<?xml version="1.0" encoding="UTF-8"?>
<record
    xmlns:xsi="http://www.w3.org/2001/XMLSchema-instance"
    xsi:schemaLocation="http://www.loc.gov/MARC21/slim http://www.loc.gov/standards/marcxml/schema/MARC21slim.xsd"
    xmlns="http://www.loc.gov/MARC21/slim">

  <leader>00722cam a2200229   4500</leader>
  <datafield tag="999" ind1=" " ind2=" ">
    <subfield code="c">57876</subfield>
    <subfield code="d">57876</subfield>
  </datafield>
  <controlfield tag="005">20191216133211.0</controlfield>
  <controlfield tag="008">081222s2001    sp            000 0 spa u</controlfield>
  <datafield tag="020" ind1=" " ind2=" ">
    <subfield code="a">8470903624</subfield>
  </datafield>
  <datafield tag="050" ind1="0" ind2="4">
    <subfield code="a">D157</subfield>
    <subfield code="b">E24 2001</subfield>
  </datafield>
  <datafield tag="100" ind1="1" ind2=" ">
    <subfield code="a">Eberhard Mayer, Hans</subfield>
  </datafield>
  <datafield tag="245" ind1="1" ind2="0">
    <subfield code="a">Historia de las Cruzadas /</subfield>
    <subfield code="c">Hans Eberhard Mayer ; tr. Jes&#xFA;s Espino Nu&#xF1;o.</subfield>
  </datafield>
  <datafield tag="250" ind1=" " ind2=" ">
    <subfield code="a">1a ed.</subfield>
  </datafield>
  <datafield tag="260" ind1=" " ind2=" ">
    <subfield code="a">Espa&#xF1;a : </subfield>
    <subfield code="b">ISTMO, </subfield>
    <subfield code="c">2001</subfield>
  </datafield>
  <datafield tag="300" ind1=" " ind2=" ">
    <subfield code="a">446 p. ; </subfield>
    <subfield code="c">17 cm.</subfield>
  </datafield>
  <datafield tag="490" ind1=" " ind2=" ">
    <subfield code="a">Fundamentos ;</subfield>
    <subfield code="v">197</subfield>
  </datafield>
  <datafield tag="500" ind1=" " ind2=" ">
    <subfield code="a">Nota : T&#xED;tulo original: Geschichte der Kreuzz&#xFC;ge.</subfield>
  </datafield>
  <datafield tag="504" ind1=" " ind2=" ">
    <subfield code="a">Incluye bibliograf&#xED;a e &#xED;ndice</subfield>
  </datafield>
  <datafield tag="506" ind1=" " ind2=" ">
    <subfield code="a">Rec. Esc.</subfield>
  </datafield>
  <datafield tag="650" ind1=" " ind2="7">
    <subfield code="2">LEMB</subfield>
    <subfield code="a">Cruzadas </subfield>
    <subfield code="x">Historia </subfield>
    <subfield code="v">Fuentes </subfield>
  </datafield>
  <datafield tag="700" ind1="1" ind2=" ">
    <subfield code="a">Espino Nu&#xF1;o, Jes&#xFA;s, </subfield>
    <subfield code="e">tr.</subfield>
  </datafield>
  <datafield tag="942" ind1=" " ind2=" ">
    <subfield code="2">lcc</subfield>
    <subfield code="c">LIB</subfield>
  </datafield>
  <datafield tag="952" ind1=" " ind2=" ">
    <subfield code="1">0</subfield>
    <subfield code="2">lcc</subfield>
    <subfield code="4">0</subfield>
    <subfield code="7">0</subfield>
    <subfield code="a">INV-033</subfield>
    <subfield code="b">INV-033</subfield>
    <subfield code="c">GENERAL</subfield>
    <subfield code="d">2016-01-27</subfield>
    <subfield code="f">1a ed.</subfield>
    <subfield code="i">H</subfield>
    <subfield code="k">EH</subfield>
    <subfield code="o">D157 E24 2001</subfield>
    <subfield code="p">IIH000001517</subfield>
    <subfield code="r">2016-01-27 00:00:00</subfield>
    <subfield code="t">C: 1</subfield>
    <subfield code="v">1.00</subfield>
    <subfield code="y">LIB</subfield>
    <subfield code="z">GENERAL</subfield>
  </datafield>
</record>
